La mujer que se fue a caballo /

Պահպանված է:
Մատենագիտական մանրամասներ
Հիմնական հեղինակ: Lawrence, D.H (autor)
Ձևաչափ: Գիրք
Լեզու:իսպաներեն
Հրապարակվել է: Buenos Aires, Argentina : Losada, 1938, c1938
Հրատարակություն:2a edición
Շարք:(La Pajarita de Papel)
Խորագրեր:
Ցուցիչներ: Ավելացրեք ցուցիչ
Չկան պիտակներ, Եղեք առաջինը, ով նշում է այս գրառումը!

MARC

LEADER 00000nam^a2200000^a^4500
001 000417469
005 20250526000000.0
009 20260310122352.227
037 |a Acervo ITESO - Biblioteca 
041 |a ESP 
082 |a 823.  |b LAW 
100 |a Lawrence, D.H.  |e (autor) 
245 1 3 |a La mujer que se fue a caballo /  |c D.H. Lawrence. 
250 |a 2a edición 
264 4 |a Buenos Aires, Argentina :  |b Losada,  |c 1938, c1938 
300 |a 209 p. ;  |c 17.0 cm. 
336 |a texto  |b txt  |2 rdacontenido 
337 |a sin mediación  |b n  |2 rdamedio 
338 |a volumen  |b nc  |2 rdasoporte 
440 4 |a (La Pajarita de Papel) 
545 0 |a Novelista y poeta, el inglés David Herbert Lawrence (1885-1930) se estableció a fines de 1922 en el sur de Estados Unidos, desde donde efectuó visitas a Londres, Nueva York y México hasta 1925. Publicada en 1926, La serpiente emplumada es una novela situada en México, con personajes mexicanos y un planteamiento sustentado en los antiguos dioses de la mitología prehispánica. Simultáneamente a la aparición de La serpiente emplumada, Lawrence escribiría en el bienio 1926-1927 su última y más célebre novela, El amante de Lady Chatterley. Apocalipsis es un ensayo escrito en 1929 sobre el texto bíblico, en el cual Lawrence busca las raíces de la crisis espiritual por la que atraviesa Occidente después de la Primera Guerra; es una crítica del poder político y una revisión de los atavismos religiosos y sus desviaciones totalitarias. Lo mejor de su poesía se encuentra en Pájaros, bestias y flores (1923). Otros de sus títulos son: Hijos y amantes (1913), El arco iris (1915), ¡Mira! Hemos cruzado hasta aquí (1917), La mujer perdida (1920) y Mujeres enamoradas (1921). 
649 |a XX 
650 |a Mujeres en la Literatura 
650 |a Indígenas en la Literatura 
650 |a Novela Inglesa 
650 |a Literatura Inglesa -  |y Siglo XX 
910 |a Fondo Alfonso de Alba Martín 
920 |a Impresos - Libros 
930 |a Libros Antiguos y Raros 
905 |a 125 
901 |a 417469001  |b IT2  |c LRA  |i D99424  |u 20250526 
902 |a https://opac.biblio.iteso.mx/vufind/Record/000417469